| 000 | 01218nam a2200361 a 4500 | ||
|---|---|---|---|
| 001 | vtls001130007 | ||
| 003 | NLI | ||
| 005 | 20210603133750.0 | ||
| 008 | 120325s1970 ii 000 p hin | ||
| 020 | _cRs.12.50 | ||
| 039 | 9 |
_y201203251747 _zVLOAD |
|
| 040 |
_aNLI _bhineng _cDatasoft_Hindi _eAACR2 |
||
| 041 | 0 | _ahin | |
| 044 | _a ii | ||
| 082 | 0 | 4 | _a 891.4314 |
| 100 | 1 |
_6880-01 _aसिंह¸ शिवप्रसाद |
|
| 245 | 1 | 0 |
_6880-02 _aविद्यापति / _cशिवप्रसाद सिंह |
| 250 | _a4th rev. and enl. ed. | ||
| 260 |
_aइलाहाबाद : _bलोकभारती प्रकाशन, _c1970 |
||
| 300 |
_a300 p. ; _c22 cm. |
||
| 500 | _aप्रथम प्रकाशन 1957 में | ||
| 504 | _aBibliography : p. 299-300 | ||
| 600 | 0 | 0 |
_aVidyapati _xCriticism and interpretation _9198840 |
| 650 | 0 | _aHindi Poetry | |
| 650 | 0 |
_aPoets, Hindi _9198501 |
|
| 880 | 1 | 0 |
_6245-02(B _aVidyāpati / _cŚivaprasād Siṁha |
| 880 | 1 |
_100-01(B _aSiṁha, Śivaprasād |
|
| 887 | _a | ||
| 901 |
_a50300 _b14.11.86 |
||
| 902 | _aH 891.4314 Vi 491 zsd | ||
| 942 |
_2ddc _cBKS |
||
| 949 |
_AVIRTUAITEM _D10000 _X100 _6HIN000050300HIN |
||
| 999 |
_aVIRTUA40 _c430516 _d430516 |
||